Statistics for Mal's 'World Capitals Anagrams' No. 2

Click here to take the quiz!

General Stats

  • This quiz has been taken 90 times
  • The average score is 10 of 20

Answer Stats

HINTAnswer% Correct
Alias RibBrasilia
68%
Mock SlothStockholm
68%
Now TellingWellington
68%
Aviator NannaAntananarivo
61%
Open ChangeCopenhagen
61%
Any RockConakry
60%
Odd MoaDodoma
60%
Vital ArabsBratislava
57%
Ciao SinNicosia
56%
Bad SetupBudapest
53%
Hike DownWindhoek
53%
Good CapriPodgorica
51%
Cavity Antic **Vatican City
51%
Bug IanBangui
49%
Eft OwnerFreetown
48%
A Lulu Mark Up **Kuala Lumpur
45%
Smug IdahoMogadishu
40%
Thank MaudKathmandu
39%
Ruin Crap Poet ***Port-au-Prince
31%
Spa RegionSingapore
29%

Score Distribution

Percentile by Number Answered

Percent of People with Each Score

Your Score History

You have not taken this quiz